Statistics for Cliché Quiz

Click here to take the quiz!

General Stats

  • This quiz has been taken 34 times
  • The average score is 12 of 15

Answer Stats

ClichéMissing Word% Correct
They all lived __ ever afterhappily
100%
Every cloud has a __ liningsilver
100%
Read between the __lines
100%
All’s well that ends __well
96%
Only time will __tell
96%
Fall head over __heels
96%
Time heals all __wounds
96%
In the __ of timenick
87%
Fit as a __fiddle
74%
Haste makes __waste
70%
Frightened to __death
70%
A __ in the roughdiamond
65%
The __ on the wallwriting
65%
Lost __ of timetrack
52%
A __ of timematter
4%

Score Distribution

Percentile by Number Answered

Percent of People with Each Score

Your Score History

You have not taken this quiz